Hombre insaciable / (Registro nro. 3751)

Detalles MARC
000 -LEADER
fixed length control field 00895nam a2200229Ia 4500
003 - CONTROL NUMBER IDENTIFIER
control field OSt
005 - DATE AND TIME OF LATEST TRANSACTION
control field 20250425160339.0
008 - FIXED-LENGTH DATA ELEMENTS--GENERAL INFORMATION
fixed length control field 191128s2018 ck a er 000 f spa d
020 ## - INTERNATIONAL STANDARD BOOK NUMBER
International Standard Book Number 9789583202520
040 ## - CATALOGING SOURCE
Original cataloging agency CO-JMCR
Transcribing agency CO-JMCR
041 ## - LANGUAGE CODE
Language code of text/sound track or separate title spa
082 04 - DEWEY DECIMAL CLASSIFICATION NUMBER
Classification number A-N
Item number ROJh
100 1# - MAIN ENTRY--PERSONAL NAME
Personal name Rojas Arrollo, Santiago,
Relator term autor
9 (RLIN) 8064
245 10 - TITLE STATEMENT
Title Hombre insaciable /
Statement of responsibility, etc. Santiago Rojas Arrollo
250 ## - EDITION STATEMENT
Edition statement Primera edición
260 ## - PUBLICATION, DISTRIBUTION, ETC.
Place of publication, distribution, etc. Bogotá :
Name of publisher, distributor, etc. Oceano,
Date of publication, distribution, etc. 2018
300 ## - PHYSICAL DESCRIPTION
Extent 210 páginas ;
Dimensions 23 cm.
500 ## - GENERAL NOTE
General note Incluye datos biográficos del autor en solapa
520 ## - SUMMARY, ETC.
Summary, etc. "Hay desiciones de la vida que no tienen vuelta atrás" En esta novlea multifacética, Santiago Rojas Arrollo nos muestra una serie de personajes atribulados por la rutina, la familia, la religión, el deseo y las expectativas de los demás, tratando de encon
650 14 - SUBJECT ADDED ENTRY--TOPICAL TERM
Topical term or geographic name entry element Novela Colombiana
9 (RLIN) 8065
942 ## - ADDED ENTRY ELEMENTS (KOHA)
Source of classification or shelving scheme Dewey Decimal Classification
Koha item type Books
Existencias
Withdrawn status Lost status Source of classification or shelving scheme Damaged status Not for loan Collection code Home library Current library Date acquired Source of acquisition Total Checkouts Total Renewals Full call number Barcode Date last seen Date last checked out Copy number Koha item type
    Dewey Decimal Classification     Fiction Biblioteca Pública José María del Castillo y Rada Biblioteca Pública José María del Castillo y Rada 11/28/2019 Donación 2 2 A-N ROJh 201811787 03/27/2024 03/27/2024 Ej.1 Books